[Event "Batik Memorial"]
[Site "?"]
[Date "2003.??.??"]
[Round "?"]
[White "Nyvlt, Zdenek"]
[Black "Ohtake, Sakae"]
[Result "1/2-1/2"]
[WhiteElo "2635"]
[BlackElo "2580"]
[PlyCount "90"]
[EventDate "2003.??.??"]
[EventType "corr"]
[SourceDate "2004.06.03"]

1. c4 c6 2. e4 d5 3. exd5 Nf6 4. d4 cxd5 5. Nc3 e6 6. Nf3 Bb4 7. cxd5 Nxd5 8.
Bd2 Nc6 9. Bd3 O-O 10. O-O Be7 11. Qc2 h6 12. a3 Bf6 13. Be3 Nce7 14. Bh7+ Kh8
15. Be4 Bd7 16. Nxd5 exd5 17. Bd3 Qb6 18. Ne5 Be6 19. b4 Rac8 20. Qb1 Bxe5 21.
dxe5 d4 22. Bd2 Bc4 23. f4 Qb5 24. a4 Bxd3 25. axb5 Bxb1 26. Rfxb1 Rc2 27. Rd1
Ra8 28. Be1 Rc4 29. Rdc1 Rxc1 30. Rxc1 Nd5 31. Bd2 f6 32. e6 f5 33. g4 Re8 34.
gxf5 Ne7 35. f6 gxf6 36. Rc4 Nf5 37. Rc5 Nh4 38. Kf2 Rxe6 39. Rh5 d3 40. Rxh6+
Kg7 41. Rxh4 Re2+ 42. Kf3 Rxd2 43. Ke3 Rb2 44. f5 d2 45. Ke2 b6 1/2-1/2

[Event "Batik Memorial"]
[Site "?"]
[Date "2003.??.??"]
[Round "?"]
[White "Nyvlt, Zdenek"]
[Black "Voyna, Alexander"]
[Result "1-0"]
[WhiteElo "2635"]
[BlackElo "2618"]
[PlyCount "91"]
[EventDate "2003.??.??"]
[EventType "corr"]
[SourceDate "2004.06.03"]

1. c4 Nf6 2. Nf3 g6 3. Nc3 d5 4. Qa4+ Bd7 5. Qb3 dxc4 6. Qxc4 Bg7 7. e4 Bc6 8.
d3 O-O 9. Be2 Nbd7 10. O-O a5 11. e5 Nb6 12. Qh4 Nfd5 13. Ne4 f6 14. Nd4 Bd7
15. Nc5 Qc8 16. e6 Be8 17. Bf3 Ra7 18. Ne2 Qd8 19. Bh6 g5 20. Qh3 Bg6 21. Rac1
c6 22. Be4 Qd6 23. Bxg6 hxg6 24. f4 Nxf4 25. Nxf4 Qd4+ 26. Rf2 gxf4 27. Bxf4
Nd5 28. Bd2 b5 29. Nb3 Qa4 30. Qg3 f5 31. Qxg6 Qg4 32. Qxg4 fxg4 33. Rxf8+ Kxf8
34. Rxc6 Bxb2 35. Rc5 Nb4 36. Rg5 Nxd3 37. Rxg4 Bg7 38. Rg3 Ne5 39. Bf4 Nc4 40.
h4 Nd6 41. h5 Ne4 42. Rg6 a4 43. Nd2 Bd4+ 44. Kf1 Nf6 45. h6 Nh7 46. Ne4 1-0

[Event "Batik Memorial"]
[Site "?"]
[Date "2003.??.??"]
[Round "?"]
[White "Ohtake, Sakae"]
[Black "Balabaev, Farit Gasisovich"]
[Result "1/2-1/2"]
[WhiteElo "2580"]
[BlackElo "2604"]
[PlyCount "98"]
[EventDate "2003.??.??"]
[EventType "corr"]
[SourceDate "2004.06.03"]

1. e4 c5 2. Nf3 Nc6 3. d4 cxd4 4. Nxd4 Nf6 5. Nc3 e5 6. Ndb5 d6 7. Bg5 a6 8.
Na3 b5 9. Bxf6 gxf6 10. Nd5 f5 11. Bd3 Be6 12. O-O Bxd5 13. exd5 Ne7 14. Nxb5
Bg7 15. Nc3 e4 16. Bc4 Qa5 17. Qd2 Rc8 18. Bb3 Bxc3 19. bxc3 Qxc3 20. Qh6 Kd7
21. Qh4 Qe5 22. Ba4+ Kc7 23. c4 Rhg8 24. Qh3 Qg7 25. c5 Nxd5 26. Rac1 Nf4 27.
cxd6+ Kxd6 28. Qa3+ Ke6 29. Bb3+ Kf6 30. Qxa6+ Ne6 31. g3 Qf8 32. Qe2 Nd4 33.
Qe3 Qd6 34. Rxc8 Rxc8 35. Rd1 Rd8 36. Qh6+ Ke7 37. Qxh7 Qf6 38. Kg2 Rh8 39.
Qxf7+ Qxf7 40. Bxf7 Nf3 41. Bb3 Rxh2+ 42. Kf1 Kf6 43. Ke2 Ne5 44. a4 Nd3 45.
Rf1 Ke5 46. Bc4 f4 47. Bxd3 exd3+ 48. Kxd3 fxg3 49. fxg3 Ra2 1/2-1/2

[Event "Batik Memorial"]
[Site "?"]
[Date "2003.??.??"]
[Round "?"]
[White "Ohtake, Sakae"]
[Black "Chytilek, Roman"]
[Result "1/2-1/2"]
[WhiteElo "2580"]
[BlackElo "2598"]
[PlyCount "74"]
[EventDate "2003.??.??"]
[EventType "corr"]
[SourceDate "2004.06.03"]

1. e4 c5 2. Nf3 d6 3. d4 cxd4 4. Nxd4 Nf6 5. Nc3 a6 6. Be3 e5 7. Nb3 Be6 8. f3
Be7 9. Qd2 O-O 10. O-O-O Qc7 11. g4 Nbd7 12. Kb1 Rfc8 13. Qf2 b5 14. g5 Nh5 15.
h4 b4 16. Nd5 Bxd5 17. Rxd5 Rcb8 18. f4 Nb6 19. Ra5 exf4 20. Bxf4 Nxf4 21. Qxf4
Nc4 22. Rd5 Rc8 23. Bxc4 Qxc4 24. Nd4 Bf8 25. h5 g6 26. hxg6 fxg6 27. Rf1 Qc7
28. Qg3 Re8 29. Qb3 Kh8 30. Qd3 Bg7 31. Nf3 Re6 32. Rh1 Rae8 33. Nd2 a5 34. Qh3
Be5 35. Rxa5 Bf4 36. Rd5 Bxd2 37. Rxd2 Rxe4 1/2-1/2

[Event "Batik Memorial"]
[Site "?"]
[Date "2003.??.??"]
[Round "?"]
[White "Ohtake, Sakae"]
[Black "Costa, Carlos Evanir"]
[Result "1/2-1/2"]
[WhiteElo "2580"]
[BlackElo "2688"]
[PlyCount "51"]
[EventDate "2003.??.??"]
[EventType "corr"]
[SourceDate "2004.06.03"]

1. e4 c5 2. Nf3 d6 3. Bb5+ Nd7 4. d4 Ngf6 5. Nc3 a6 6. Bxd7+ Nxd7 7. O-O cxd4
8. Qxd4 Qb6 9. Qd3 e6 10. Be3 Qc7 11. a4 b6 12. Rfd1 Bb7 13. Bd4 Rc8 14. Nd2
Qc6 15. f3 Ne5 16. Qe3 Be7 17. Bxb6 O-O 18. Bd4 f5 19. Kh1 fxe4 20. fxe4 Bf6
21. Rf1 Ng4 22. Qd3 d5 23. Bxf6 Rxf6 24. Rxf6 Qd6 25. Nf1 Nxf6 26. exd5 1/2-1/2

[Event "Batik Memorial"]
[Site "?"]
[Date "2003.??.??"]
[Round "?"]
[White "Ohtake, Sakae"]
[Black "Frey Beckman, Kenneth"]
[Result "1/2-1/2"]
[WhiteElo "2580"]
[BlackElo "2693"]
[PlyCount "71"]
[EventDate "2003.??.??"]
[EventType "corr"]
[SourceDate "2004.06.03"]

1. e4 e5 2. Nf3 Nc6 3. d4 exd4 4. Nxd4 Nf6 5. Nxc6 bxc6 6. e5 Qe7 7. Qe2 Nd5 8.
c4 Ba6 9. g3 f6 10. e6 O-O-O 11. Bh3 Kb8 12. O-O h5 13. Rd1 h4 14. g4 dxe6 15.
Nc3 Qe8 16. Qe4 Nxc3 17. Rxd8+ Qxd8 18. bxc3 Bc5 19. Rb1+ Bb7 20. Be3 f5 21.
gxf5 exf5 22. Bxf5 Bxe3 23. Qxe3 Re8 24. Be4 Qf6 25. f3 Ka8 26. Kh1 h3 27. c5
a6 28. a4 Ka7 29. Rg1 a5 30. Qd4 Re5 31. c4 Qe7 32. Rb1 Ba6 33. Qb2 Qe8 34. Kg1
Rg5+ 35. Kh1 Re5 36. Kg1 1/2-1/2

[Event "Batik Memorial"]
[Site "?"]
[Date "2003.??.??"]
[Round "?"]
[White "Ohtake, Sakae"]
[Black "Maliangkay, Rudolf J"]
[Result "1/2-1/2"]
[WhiteElo "2580"]
[BlackElo "2581"]
[PlyCount "68"]
[EventDate "2003.??.??"]
[EventType "corr"]
[SourceDate "2004.06.03"]

1. e4 c5 2. Nf3 Nc6 3. d4 cxd4 4. Nxd4 Nf6 5. Nc3 d6 6. Bg5 e6 7. Qd2 a6 8.
O-O-O h6 9. Be3 Be7 10. f3 Nxd4 11. Bxd4 b5 12. Kb1 Qa5 13. a3 e5 14. Bf2 Be6
15. Bh4 Rd8 16. Bxf6 Bxf6 17. Nd5 Qxd2 18. Rxd2 Bg5 19. Rd1 Kd7 20. h4 Be7 21.
c4 Rb8 22. cxb5 axb5 23. b4 Rhc8 24. Kb2 Rc6 25. Be2 f5 26. g3 Ke8 27. Nc3 Rcb6
28. h5 fxe4 29. fxe4 Kd7 30. Rhf1 R6b7 31. Rd3 Bf6 32. Rdf3 Bg5 33. Rd1 Be7 34.
Re3 Bg5 1/2-1/2

[Event "Batik Memorial"]
[Site "?"]
[Date "2003.??.??"]
[Round "?"]
[White "Ohtake, Sakae"]
[Black "Marczell, Peter"]
[Result "1/2-1/2"]
[WhiteElo "2580"]
[BlackElo "2596"]
[PlyCount "32"]
[EventDate "2003.??.??"]
[EventType "corr"]
[SourceDate "2004.06.03"]

1. e4 e5 2. Nf3 Nc6 3. d4 exd4 4. Nxd4 Bc5 5. Be3 Qf6 6. c3 Nge7 7. Bc4 Ne5 8.
Be2 d5 9. O-O O-O 10. f4 N5c6 11. e5 Qh4 12. Qd2 Bg4 13. Nxc6 Bxe3+ 14. Qxe3
Nxc6 15. Bxg4 Qxg4 16. Nd2 Rad8 1/2-1/2

[Event "Batik Memorial"]
[Site "?"]
[Date "2003.??.??"]
[Round "?"]
[White "Ohtake, Sakae"]
[Black "Michalek, Miroslav"]
[Result "1-0"]
[WhiteElo "2580"]
[BlackElo "2447"]
[PlyCount "139"]
[EventDate "2003.??.??"]
[EventType "corr"]
[SourceDate "2004.06.03"]

1. e4 c5 2. Nf3 Nc6 3. d4 cxd4 4. Nxd4 Nf6 5. Nc3 e5 6. Ndb5 d6 7. Bg5 a6 8.
Na3 b5 9. Bxf6 gxf6 10. Nd5 f5 11. Bd3 Be6 12. O-O Bxd5 13. exd5 Ne7 14. Nxb5
Bg7 15. Nc3 e4 16. Bc4 Qa5 17. Qd2 Rc8 18. Bb3 Bxc3 19. bxc3 Qxc3 20. Qh6 Kd7
21. Qh4 Qe5 22. Ba4+ Kc7 23. c4 Rhg8 24. Qh3 Qg7 25. c5 Nxd5 26. Rac1 Nf4 27.
cxd6+ Kxd6 28. Qa3+ Ke6 29. Bb3+ Kf6 30. Qxa6+ Ne6 31. g3 Ra8 32. Qb6 Rab8 33.
Qe3 Qg5 34. f4 Qh6 35. Bxe6 fxe6 36. Qd4+ Kg6 37. Rc6 Rbe8 38. Qe5 Qh3 39. a4
Kh5 40. Qb2 Rg6 41. a5 Reg8 42. Rc3 Qh4 43. a6 Qd8 44. Rb3 R6g7 45. Rb7 Kg6 46.
Qe5 Qf6 47. Qd6 h5 48. Qb6 Re8 49. Rxg7+ Qxg7 50. a7 h4 51. Kh1 Qd7 52. g4 Qd5
53. gxf5+ Kf6 54. Qe3 exf5 55. Rc1 Kf7 56. h3 Rd8 57. Rc7+ Ke6 58. Rg7 Qd1+ 59.
Rg1 Qf3+ 60. Qxf3 exf3 61. Re1+ Kf6 62. Ra1 Ra8 63. Kg1 Ke6 64. Kf2 Kd6 65. Ra5
Kc6 66. Kxf3 Kb6 67. Rxf5 Rxa7 68. Kg4 Kc6 69. Rf6+ Kd5 70. Kxh4 1-0

[Event "Batik Memorial"]
[Site "?"]
[Date "2003.??.??"]
[Round "?"]
[White "Oliveira, Marcio Barbosa"]
[Black "Gilimshin, Azamat"]
[Result "1/2-1/2"]
[WhiteElo "2551"]
[BlackElo "2607"]
[PlyCount "36"]
[EventDate "2003.??.??"]
[EventType "corr"]
[SourceDate "2004.06.03"]

1. e4 c5 2. Nf3 Nc6 3. d4 cxd4 4. Nxd4 Nf6 5. Nc3 e5 6. Ndb5 d6 7. Bg5 a6 8.
Na3 b5 9. Bxf6 gxf6 10. Nd5 f5 11. Bd3 Be6 12. O-O Bxd5 13. exd5 Ne7 14. Nxb5
Bg7 15. Nc3 e4 16. Bc4 Ng6 17. Qh5 Bxc3 18. bxc3 Qf6 1/2-1/2

[Event "Batik Memorial"]
[Site "?"]
[Date "2003.??.??"]
[Round "?"]
[White "Oliveira, Marcio Barbosa"]
[Black "Hiltunen, Reijo"]
[Result "1/2-1/2"]
[WhiteElo "2551"]
[BlackElo "2519"]
[PlyCount "36"]
[EventDate "2003.??.??"]
[EventType "corr"]
[SourceDate "2004.06.03"]

1. e4 c5 2. Nf3 d6 3. d4 cxd4 4. Nxd4 Nf6 5. Nc3 a6 6. Bg5 e6 7. f4 Nc6 8. e5
h6 9. Bh4 Nxd4 10. Qxd4 dxe5 11. Qxd8+ Kxd8 12. fxe5 g5 13. Bg3 Nd7 14. Be2 Bg7
15. O-O-O Ke7 16. Bh5 b6 17. Rd6 Rd8 18. Rf1 Rf8 1/2-1/2

[Event "Batik Memorial"]
[Site "?"]
[Date "2003.??.??"]
[Round "?"]
[White "Oliveira, Marcio Barbosa"]
[Black "Mrkvicka, Josef"]
[Result "1/2-1/2"]
[WhiteElo "2551"]
[BlackElo "2513"]
[PlyCount "68"]
[EventDate "2003.??.??"]
[EventType "corr"]
[SourceDate "2004.06.03"]

1. e4 c5 2. Nf3 Nc6 3. d4 cxd4 4. Nxd4 Nf6 5. Nc3 e5 6. Ndb5 d6 7. Bg5 a6 8.
Na3 b5 9. Bxf6 gxf6 10. Nd5 f5 11. Bd3 Be6 12. O-O Bxd5 13. exd5 Ne7 14. Nxb5
Bg7 15. Nc3 e4 16. Bc4 Ng6 17. Qh5 Bxc3 18. bxc3 Qf6 19. Qh6 Rg8 20. Rab1 Qxc3
21. Bxa6 Qg7 22. Qxg7 Rxg7 23. Rb6 Nf4 24. g3 Nxd5 25. Rxd6 Nc3 26. Bc4 Rg6 27.
Rd2 f4 28. Re1 Rc6 29. Bb3 f3 30. Rd4 f5 31. Kf1 Ra5 32. a4 Ke7 33. h3 Rac5 34.
h4 h6 1/2-1/2

[Event "Batik Memorial"]
[Site "?"]
[Date "2003.??.??"]
[Round "?"]
[White "Oliveira, Marcio Barbosa"]
[Black "Neumann, Joachim"]
[Result "1/2-1/2"]
[WhiteElo "2551"]
[BlackElo "2667"]
[PlyCount "110"]
[EventDate "2003.??.??"]
[EventType "corr"]
[SourceDate "2004.06.03"]

1. e4 c5 2. Nf3 e6 3. d4 cxd4 4. Nxd4 Nf6 5. Nc3 Nc6 6. Ndb5 d6 7. Bf4 e5 8.
Bg5 a6 9. Na3 b5 10. Bxf6 gxf6 11. Nd5 Bg7 12. Bd3 Ne7 13. Nxe7 Qxe7 14. O-O
O-O 15. c4 f5 16. Qf3 d5 17. cxd5 fxe4 18. Bxe4 Rb8 19. Rfd1 Qh4 20. g3 Qg5 21.
h4 Qd8 22. d6 Be6 23. Bc6 f5 24. Nc2 e4 25. Qa3 Kh8 26. Rac1 b4 27. Qe3 Bxb2
28. Rb1 f4 29. Qxe4 Bf5 30. Qc4 Be5 31. Rxb4 fxg3 32. fxg3 Rxb4 33. Nxb4 Rg8
34. d7 Bxg3 35. Bg2 Bxd7 36. Nc6 Qe8 37. Qc3+ Rg7 38. Qf6 Bc7 39. Kh1 Qe6 40.
Qxe6 Bxe6 41. Rd4 Rg4 42. Rxg4 Bxg4 43. a4 a5 44. Nd4 Bb6 45. Bf3 Bc8 46. Nb5
Bd8 47. h5 Kg7 48. Nc3 Kf6 49. Kg2 Ke5 50. Kf2 Bf5 51. Bc6 h6 52. Be8 Bg5 53.
Ke2 Kd4 54. Nb5+ Kc5 55. Na7 Bg4+ 1/2-1/2

[Event "Batik Memorial"]
[Site "?"]
[Date "2003.??.??"]
[Round "?"]
[White "Oliveira, Marcio Barbosa"]
[Black "Nyvlt, Zdenek"]
[Result "1-0"]
[WhiteElo "2551"]
[BlackElo "2519"]
[PlyCount "23"]
[EventDate "2003.??.??"]
[EventType "corr"]
[SourceDate "2004.06.03"]

1. e4 d6 2. d4 Nf6 3. Nc3 g6 4. Nf3 Bg7 5. Be2 O-O 6. O-O e6 7. Bf4 Nc6 8. Re1
h6 9. h3 Kh7 10. Bg3 a6 11. e5 Ne7 12. exf6 1-0

[Event "Batik Memorial"]
[Site "?"]
[Date "2003.??.??"]
[Round "?"]
[White "Oliveira, Marcio Barbosa"]
[Black "Ohtake, Sakae"]
[Result "1/2-1/2"]
[WhiteElo "2551"]
[BlackElo "2580"]
[PlyCount "65"]
[EventDate "2003.??.??"]
[EventType "corr"]
[SourceDate "2004.06.03"]

1. e4 e5 2. Nf3 Nf6 3. d4 Nxe4 4. Bd3 d5 5. Nxe5 Nd7 6. Nxd7 Bxd7 7. O-O Bd6 8.
c4 c6 9. cxd5 cxd5 10. Qh5 O-O 11. Qxd5 Bc6 12. Qh5 g6 13. Qh3 Ng5 14. Qg4 Ne6
15. Bh6 Re8 16. Nc3 Nxd4 17. Rad1 Be5 18. Rfe1 Qd6 19. Kh1 Qe6 20. Qxe6 Rxe6
21. h3 Nf5 22. Bxf5 gxf5 23. Rd3 Bh8 24. Bd2 Rae8 25. Rd1 Rg6 26. f3 Be5 27. a4
Bxc3 28. Bxc3 Bxa4 29. Ra1 Bb5 30. Rd5 a6 31. Rxf5 Bd7 32. Re5 Rxe5 33. Bxe5
1/2-1/2

[Event "Batik Memorial"]
[Site "?"]
[Date "2003.??.??"]
[Round "?"]
[White "Oliveira, Marcio Barbosa"]
[Black "Voyna, Alexander"]
[Result "1-0"]
[WhiteElo "2551"]
[BlackElo "2618"]
[PlyCount "95"]
[EventDate "2003.??.??"]
[EventType "corr"]
[SourceDate "2004.06.03"]

1. e4 c5 2. Nf3 e6 3. d4 cxd4 4. Nxd4 a6 5. Bd3 Nf6 6. O-O Qc7 7. Qe2 d6 8. c4
Nbd7 9. f4 b6 10. Nc3 Bb7 11. Bd2 Be7 12. Rae1 O-O 13. Kh1 Rac8 14. b4 g6 15.
Qf2 Rfe8 16. a3 Bf8 17. Nf3 Bg7 18. Ng5 h6 19. Nf3 Nh5 20. Rc1 Qb8 21. Qh4 Nhf6
22. Rce1 Red8 23. Qh3 b5 24. cxb5 axb5 25. Nd4 Nxe4 26. Bxe4 Bxe4 27. Rxe4 d5
28. Rxe6 Bxd4 29. Ree1 Kg7 30. f5 g5 31. f6+ Nxf6 32. Ne2 Qb6 33. Ng3 Ne4 34.
Nf5+ Kf8 35. Nxh6 Rc7 36. Qh5 Rdd7 37. Bxg5 Qe6 38. Ng4 Rc6 39. Bf6 Bxf6 40.
Nxf6 Nf2+ 41. Kg1 Qxf6 42. Rxf2 Qd4 43. Qg5 Qa7 44. Qe5 Kg8 45. Qg5+ Kf8 46. g3
d4 47. Qh4 Kg7 48. Re8 1-0

[Event "Batik Memorial"]
[Site "?"]
[Date "2003.??.??"]
[Round "?"]
[White "Voyna, Alexander"]
[Black "Balabaev, Farit Gasisovich"]
[Result "1-0"]
[WhiteElo "2618"]
[BlackElo "2604"]
[PlyCount "115"]
[EventDate "2003.??.??"]
[EventType "corr"]
[SourceDate "2004.06.03"]

1. d4 d5 2. c4 c6 3. Nc3 Nf6 4. Nf3 e6 5. g3 dxc4 6. Bg2 Nbd7 7. a4 Bb4 8. O-O
O-O 9. Qc2 Qe7 10. Bf4 Nd5 11. Bd2 a5 12. e4 N5b6 13. e5 Nd5 14. Rfe1 N7b6 15.
Re4 f5 16. exf6 gxf6 17. Bh3 Kh8 18. Rae1 Nc7 19. Rh4 Rf7 20. Re5 Bxc3 21. bxc3
Nbd5 22. Reh5 b5 23. Bg2 b4 24. Ng5 fxg5 25. Bxg5 Qd7 26. Be4 b3 27. Qb1 Rf5
28. Qf1 Ne8 29. Rxh7+ Qxh7 30. Rxh7+ Kxh7 31. g4 Nd6 32. Bb1 Kg6 33. Bd2 Bd7
34. gxf5+ exf5 35. f3 Rg8 36. Kf2 Rh8 37. h4 Kf7 38. Qh3 Rh5 39. Qg3 Ne8 40.
Ke2 Nef6 41. Be1 Rh8 42. Bd2 Rg8 43. Qh2 f4 44. Kd1 Rg3 45. Kc1 Rxf3 46. Qe2
Rg3 47. h5 f3 48. Bg6+ Kg7 49. Qf2 b2+ 50. Kxb2 Rg2 51. Qxf3 Rxd2+ 52. Kc1 Bg4
53. Qg3 Re2 54. Qd6 Re3 55. Qxc6 Rxc3+ 56. Kb2 Rb3+ 57. Kc1 Re3 58. Qb7+ 1-0

[Event "Batik Memorial"]
[Site "?"]
[Date "2003.??.??"]
[Round "?"]
[White "Voyna, Alexander"]
[Black "Chytilek, Roman"]
[Result "1/2-1/2"]
[WhiteElo "2618"]
[BlackElo "2598"]
[PlyCount "53"]
[EventDate "2003.??.??"]
[EventType "corr"]
[SourceDate "2004.06.03"]

1. d4 d5 2. c4 c6 3. Nc3 Nf6 4. Nf3 e6 5. g3 Nbd7 6. Qb3 Be7 7. Bg2 O-O 8. O-O
Nb6 9. cxd5 exd5 10. Ne5 Bf5 11. Bf4 Ne8 12. Rad1 Nd6 13. a4 a5 14. Rfe1 Be6
15. Nd3 Nf5 16. Be5 f6 17. e4 fxe5 18. exf5 Bxf5 19. Nxe5 Kh8 20. f4 Be6 21.
Rc1 Rb8 22. Nd1 Bb4 23. Re2 Nd7 24. Nf2 Qb6 25. Qe3 Rbe8 26. Bh3 Nxe5 27. fxe5
1/2-1/2

[Event "Batik Memorial"]
[Site "?"]
[Date "2003.??.??"]
[Round "?"]
[White "Voyna, Alexander"]
[Black "Costa, Carlos Evanir"]
[Result "1/2-1/2"]
[WhiteElo "2618"]
[BlackElo "2688"]
[PlyCount "29"]
[EventDate "2003.??.??"]
[EventType "corr"]
[SourceDate "2004.06.03"]

1. d4 Nf6 2. c4 e6 3. Nc3 Bb4 4. Qc2 O-O 5. a3 Bxc3+ 6. Qxc3 b6 7. Bg5 Bb7 8.
f3 h6 9. Bh4 d6 10. e3 Nbd7 11. Bd3 c5 12. Ne2 Rc8 13. O-O cxd4 14. Qxd4 Ne5
15. b4 1/2-1/2

[Event "Batik Memorial"]
[Site "?"]
[Date "2003.??.??"]
[Round "?"]
[White "Voyna, Alexander"]
[Black "Gilimshin, Azamat"]
[Result "1-0"]
[WhiteElo "2618"]
[BlackElo "2607"]
[PlyCount "83"]
[EventDate "2003.??.??"]
[EventType "corr"]
[SourceDate "2004.06.03"]

1. d4 Nf6 2. c4 c6 3. Nc3 d5 4. Nf3 dxc4 5. a4 Bf5 6. Nh4 e6 7. Nxf5 exf5 8. e3
Bb4 9. Bxc4 O-O 10. O-O Nbd7 11. Qc2 g6 12. Rd1 Nb6 13. Bf1 Nbd5 14. Bd2 Bd6
15. a5 a6 16. Qb3 Qe7 17. g3 Rfe8 18. Bg2 Rad8 19. Re1 Ne4 20. Nxd5 cxd5 21.
Re2 h5 22. Be1 h4 23. Rc1 Kg7 24. f3 Nf6 25. gxh4 Nh5 26. Rcc2 Nf6 27. f4 Rc8
28. Rxc8 Rxc8 29. Bf3 Rc1 30. Kg2 Rc4 31. Bc3 Ne4 32. h5 g5 33. fxg5 Qxg5+ 34.
Kf1 Qe7 35. Rc2 Kh6 36. Be1 Rxc2 37. Qxc2 Qd7 38. Qg2 Qc8 39. h4 Kh7 40. b3 Qc6
41. Qe2 Qc1 42. Bxe4 1-0

[Event "Batik Memorial"]
[Site "?"]
[Date "2003.??.??"]
[Round "?"]
[White "Voyna, Alexander"]
[Black "Michalek, Miroslav"]
[Result "1/2-1/2"]
[WhiteElo "2618"]
[BlackElo "2447"]
[PlyCount "89"]
[EventDate "2003.??.??"]
[EventType "corr"]
[SourceDate "2004.06.03"]

1. d4 Nf6 2. c4 e6 3. g3 d5 4. Bg2 dxc4 5. Nf3 Nc6 6. O-O Rb8 7. Nc3 a6 8. e4
b5 9. d5 Nb4 10. b3 cxb3 11. Qxb3 c5 12. dxc6 Nxc6 13. Bf4 Rb7 14. Rac1 Na5 15.
Qc2 Ba3 16. Rcd1 Nd7 17. Rd3 Nc4 18. Nb1 Be7 19. Nbd2 g5 20. Be5 O-O 21. Ba1
Rc7 22. Nxc4 Rxc4 23. Qb2 f6 24. Nxg5 Qa5 25. Nf3 Nc5 26. Rd4 e5 27. Rxc4 bxc4
28. Nh4 Nd3 29. Qc2 Be6 30. Nf5 Bb4 31. Bh3 Kh8 32. Bg4 Ne1 33. Qe2 Bd2 34. Nh6
Bxg4 35. Nxg4 c3 36. Rxe1 c2 37. Rf1 c1=Q 38. Rxc1 Bxc1 39. Kg2 Ba3 40. Qc4 h5
41. Ne3 Qb5 42. Qe6 Qd3 43. Qf5 Kg7 44. Nd5 Qd1 45. Nxf6 1/2-1/2

[Event "Batik Memorial"]
[Site "?"]
[Date "2003.??.??"]
[Round "?"]
[White "Voyna, Alexander"]
[Black "Neumann, Joachim"]
[Result "1/2-1/2"]
[WhiteElo "2618"]
[BlackElo "2667"]
[PlyCount "79"]
[EventDate "2003.??.??"]
[EventType "corr"]
[SourceDate "2004.06.03"]

1. d4 Nf6 2. c4 e6 3. g3 c5 4. d5 exd5 5. cxd5 d6 6. Nc3 g6 7. Bg2 Bg7 8. Nf3
O-O 9. O-O a6 10. a4 Nbd7 11. Bf4 Qc7 12. e4 Ng4 13. Nd2 Nge5 14. Qc2 Rb8 15.
a5 b5 16. axb6 Qxb6 17. Ra2 Qd8 18. h3 f5 19. exf5 Rxf5 20. Nd1 Rb4 21. Ne4 Nb6
22. Ne3 Rf8 23. b3 Nf7 24. Nc4 Nxc4 25. bxc4 Ne5 26. Qe2 Qb6 27. Kh2 Nf7 28. h4
Bf5 29. Bh3 Bxe4 30. Qxe4 Ne5 31. Qe2 a5 32. Be6+ Kh8 33. Kg2 h6 34. Rc2 a4 35.
Qe4 Rb1 36. Bxe5 dxe5 37. Re2 Rxf1 38. Kxf1 a3 39. Qxg6 e4 40. Kg2 1/2-1/2

[Event "Batik Memorial"]
[Site "?"]
[Date "2003.??.??"]
[Round "?"]
[White "Voyna, Alexander"]
[Black "Ohtake, Sakae"]
[Result "1-0"]
[WhiteElo "2618"]
[BlackElo "2580"]
[PlyCount "77"]
[EventDate "2003.??.??"]
[EventType "corr"]
[SourceDate "2004.06.03"]

1. d4 d5 2. c4 c6 3. Nc3 dxc4 4. e3 b5 5. a4 b4 6. Ne4 Qd5 7. Nd2 Ba6 8. Qc2 c5
9. Ngf3 cxd4 10. Nxc4 Nd7 11. Nxd4 e5 12. Nb5 Bxb5 13. axb5 Ngf6 14. b3 Be7 15.
Bb2 O-O 16. Na5 Rfe8 17. Nc6 e4 18. Bc4 Qg5 19. O-O Bc5 20. Rfd1 Qf5 21. h3 Qg5
22. Rac1 Bf8 23. Bd4 Nb6 24. Nxa7 Rxa7 25. Bxb6 Rb7 26. Bd4 Bd6 27. b6 Rbb8 28.
Ba6 Nd5 29. Bc5 Be7 30. Bxe7 Nxe7 31. b7 Qa5 32. Qc4 Rf8 33. Rd6 g6 34. Qc7
Qxc7 35. Rxc7 Nf5 36. Rdd7 h5 37. g4 hxg4 38. hxg4 Nh4 39. Rxf7 1-0